000 00587nam a2200181 i 4500
001 21109
003 ES-MaACL
005 20240823063038.0
007 t|
008 021121s1914 fr ||||1| fre d
100 1 _aAchard, Charles,
_d1860-1944
_9155057
245 1 3 _aLe premier livre de Médecine
_b: elements de Pathologie générale... /
_cpar Ch. Achard.
260 _aParis :
_bJ.B. Baillière,
_c[1914] (
_eCorbeil :
_fCrété)
300 _aXI, 320 p. :
_bil. ;
_c21 cm.
650 0 4 _aPatología.
_915884
852 _aES-MaACL
_jB-11974
999 _c21109
_d21109